书目信息 |
| 题名: |
《中华人民共和国未成年人保护法》知识
|
|
| 作者: | 王顺安, 著 | |
| 分册: | ||
| 出版信息: | 北京 海豚出版社 2022.08 |
|
| 页数: | 211页 | |
| 开本: | 24cm | |
| 丛书名: | ||
| 单 册: | ||
| 中图分类: | D922.7 | |
| 科图分类: | ||
| 主题词: | 未成年人保护法--wei cheng nian ren bao hu fa--中国 | |
| 电子资源: | ||
| ISBN: | 978-7-5110-6036-5 | |
| 000 | 01391nam0 2200277 450 | |
| 001 | CAL 012022033669 | |
| 005 | 20230217093111.0 | |
| 010 | @a978-7-5110-6036-5@dCNY49.80 | |
| 092 | @aCN@bRt1040-1562 | |
| 100 | @a20221013d2022 em y0chiy0120 ea | |
| 101 | 0 | @achi |
| 102 | @aCN@b110000 | |
| 105 | @aa z 000yy | |
| 106 | @ar | |
| 200 | 1 | @a《中华人民共和国未成年人保护法》知识@A《 zhong hua ren min gong he guo wei cheng nian ren bao hu fa 》 zhi shi@f王顺安著 |
| 210 | @a北京@c海豚出版社@d2022.08 | |
| 215 | @a211页@c彩图@d24cm | |
| 314 | @a王顺安, 中国政法大学犯罪学、刑法学教授, 法学博士, 博士生导师, 中国政法大学犯罪与司法研究中心主任。 | |
| 330 | @a2021年6月1日, 我国正式施行了新修订的《中华人民共和国未成年人保护法》, 这次修订对未成年人享有的权利、未成年人保护的基本原则和未成年人保护的责任主体等作出明确规定。本书以图文并茂、案例与法律结合的形式, 从未成年人保护法的概念和家庭、学校、社会、网络、政府、司法机关对未成年人的保护责任以及未履行未成年人保护职责应负的法律责任等八个方面, 向读者阐述了新修订的《中华人民共和国未成年人保护法》对于未成年人的种种保护措施, 以及未成年人应该如何运用法律武器维护自身的合法权益。 | |
| 606 | 0 | @a未成年人保护法@Awei cheng nian ren bao hu fa@y中国 |
| 690 | @aD922.7@v5 | |
| 701 | 0 | @a王顺安,@Awang shun an@f1963.1-@4著 |
| 801 | 0 | @aCN@bBJXHZP@c20230228 |
| 901 | @a海豚出版社 | |
| 905 | @b1406030-3@dD922.7@e2306@f4 | |
| 997 | @a期货 | |
| 《中华人民共和国未成年人保护法》知识/王顺安著.-北京:海豚出版社,2022.08 |
| 211页:彩图;24cm |
| ISBN 978-7-5110-6036-5:CNY49.80 |
| 2021年6月1日, 我国正式施行了新修订的《中华人民共和国未成年人保护法》, 这次修订对未成年人享有的权利、未成年人保护的基本原则和未成年人保护的责任主体等作出明确规定。本书以图文并茂、案例与法律结合的形式, 从未成年人保护法的概念和家庭、学校、社会、网络、政府、司法机关对未成年人的保护责任以及未履行未成年人保护职责应负的法律责任等八个方面, 向读者阐述了新修订的《中华人民共和国未成年人保护法》对于未成年人的种种保护措施, 以及未成年人应该如何运用法律武器维护自身的合法权益。 |
| ● |
| 相关链接 |
|
|
|
|
正题名:《中华人民共和国未成年人保护法》知识
索取号:D922.7/2306
 
预约/预借
| 序号 | 登录号 | 条形码 | 馆藏地/架位号 | 状态 | 备注 |
| 1 | 1406030 | 214060308 | 第一样本阅览室/ [索取号:D922.7/2306] | 在馆 | |
| 2 | 1406031 | 214060317 | 第一借阅区/ [索取号:D922.7/2306] | 在馆 | |
| 3 | 1406032 | 214060326 | 第一借阅区/ [索取号:D922.7/2306] | 在馆 | |
| 4 | 1406033 | 214060335 | 第一借阅区/ [索取号:D922.7/2306] | 在馆 |